Geography Quiz

Random Geography or City Quiz

US Cities ending in 'et' Quiz Stats

 Plays Quiz not verified by Sporcle

Score 0/22 Timer 04:00
0 Plays Today
Population City % Correct
148,462Joliet
95.5%
72,001Pawtucket
81.8%
41,759Woonsocket
81.8%
85,160Hemet
47.7%
11,229Nantucket (town)
40.9%
34,726Mount Juliet
34.1%
24,084Carteret (borough)
31.8%
18,176Somerset (town)
31.8%
11,423Somerset
31.8%
5,945Somerset (borough)
31.8%
20,015Hazlet (township)
27.3%
Population City % Correct
6,322Calumet (charter township)
22.7%
10,544Acushnet (town)
20.5%
6,355Burnet
15.9%
5,286Sunset
15.9%
10,131Watervliet
13.6%
8,516Cohasset (town)
13.6%
6,314Hamlet
13.6%
9,073Newmarket (town)
11.4%
8,505Mahomet (village)
11.4%
11,938Cloquet
9.1%
5,276Winterset
9.1%

You're not logged in!

Compare scores with friends on all Sporcle quizzes.
OR
Log In

Show Comments

Extras

Top Quizzes Today


Score Distribution

Your Account Isn't Verified!

In order to create a playlist on Sporcle, you need to verify the email address you used during registration. Go to your Sporcle Settings to finish the process.

Report this User

Report this user for behavior that violates our Community Guidelines.

Details: